Handbook of optics (Record no. 14175)
[ view plain ]
| 000 -LEADER | |
|---|---|
| fixed length control field | 00698nam a2200229Ia 4500 |
| 003 - CONTROL NUMBER IDENTIFIER | |
| control field | IN-BaIIA |
| 008 - FIXED-LENGTH DATA ELEMENTS--GENERAL INFORMATION | |
| fixed length control field | 211028s9999 xx 000 0 eng d |
| 020 ## - INTERNATIONAL STANDARD BOOK NUMBER | |
| International Standard Book Number | 0-07-135408-5 |
| 040 ## - CATALOGING SOURCE | |
| Transcribing agency | IIA Library |
| 080 ## - UNIVERSAL DECIMAL CLASSIFICATION NUMBER | |
| Universal Decimal Classification number | (035)535 |
| Item number | BAS |
| 245 #0 - TITLE STATEMENT | |
| Title | Handbook of optics |
| Remainder of title | vol. 3, classical optics, vision optics, X-ray optics |
| Statement of responsibility, etc. | edited by M. Bass… [et al.] |
| 250 ## - EDITION STATEMENT | |
| Edition statement | 2nd ed. |
| 260 ## - PUBLICATION, DISTRIBUTION, ETC. | |
| Place of publication, distribution, etc. | New York |
| Name of publisher, distributor, etc. | McGraw-Hill |
| Date of publication, distribution, etc. | 2001 |
| 300 ## - PHYSICAL DESCRIPTION | |
| Extent | [various pagings.] |
| 650 ## - SUBJECT ADDED ENTRY--TOPICAL TERM | |
| Topical term or geographic name entry element | optics |
| 650 ## - SUBJECT ADDED ENTRY--TOPICAL TERM | |
| Topical term or geographic name entry element | optics handbook |
| 9 (RLIN) | 10525 |
| 700 ## - ADDED ENTRY--PERSONAL NAME | |
| Personal name | Bass, M., ed. |
| 9 (RLIN) | 24951 |
| 700 ## - ADDED ENTRY--PERSONAL NAME | |
| Personal name | Enoch, Jay M., ed. |
| 9 (RLIN) | 24952 |
| 700 ## - ADDED ENTRY--PERSONAL NAME | |
| Personal name | Van Stryland, Eric W., ed. |
| 9 (RLIN) | 24953 |
| 700 ## - ADDED ENTRY--PERSONAL NAME | |
| Personal name | Williams, David R., ed. |
| 9 (RLIN) | 24954 |
| 942 ## - ADDED ENTRY ELEMENTS (KOHA) | |
| Koha item type | Books |
| Withdrawn status | Lost status | Damaged status | Not for loan | Home library | Current library | Shelving location | Date acquired | Source of acquisition | Cost, normal purchase price | Total Checkouts | Full call number | Barcode | Date last seen | Cost, replacement price | Price effective from | Koha item type | Purchase Price |
|---|---|---|---|---|---|---|---|---|---|---|---|---|---|---|---|---|---|
| IIA Library-Bangalore | IIA Library-Bangalore | General Stacks | 23/07/2001 | EDS | 6200.00 | (035)535/ BAS | 15095 | 05/11/2021 | 6200.00 | 23/07/2001 | Books | Rs. 6200.00 |